|
|
|
|
| LEADER |
02304nam a2200649 i 4500 |
| 001 |
nkc20203254380 |
| 003 |
CZ PrNK |
| 005 |
20210125144349.0 |
| 007 |
ta |
| 008 |
200917s2020 xr a e f 000 0acze |
| 015 |
|
|
|a cnb003254380
|
| 020 |
|
|
|a 978-80-270-8437-1
|q (vázáno)
|
| 035 |
|
|
|a (OCoLC)1237097787
|
| 040 |
|
|
|a BOA001
|b cze
|e rda
|
| 043 |
|
|
|a e-xr---
|
| 045 |
|
|
|a x-y-
|
| 072 |
|
7 |
|a 641
|x Kuchařství. Potraviny. Vařená jídla
|2 Konspekt
|9 19
|
| 072 |
|
7 |
|a 929
|x Biografie
|2 Konspekt
|9 8
|
| 080 |
|
|
|a 641/642-055.2
|2 MRF
|
| 080 |
|
|
|a 004.774.6-055.2
|2 MRF
|
| 080 |
|
|
|a 641.56(=162.3)
|2 MRF
|
| 080 |
|
|
|a "321/324"
|2 MRF
|
| 080 |
|
|
|a 929
|2 MRF
|
| 080 |
|
|
|a (437.3)
|2 MRF
|
| 080 |
|
|
|a (083.12)
|2 MRF
|
| 080 |
|
|
|a (0:82-94)
|2 MRF
|
| 100 |
1 |
|
|a Růžičková, Ivana
|7 mzk20201095079
|4 aut
|4 pbl
|4 pht
|
| 245 |
1 |
0 |
|a Gastrok paní Růžičkové
|
| 246 |
3 |
|
|a Gastrorok
|
| 250 |
|
|
|a Vydání první
|
| 264 |
|
1 |
|a [Javůrek] :
|b Ivana Růžičková,
|c 2020
|
| 300 |
|
|
|a 235 stran :
|b barevné ilustrace ;
|c 22 cm +
|e 1 dřevěný kolíček
|
| 336 |
|
|
|a text
|b txt
|2 rdacontent
|
| 336 |
|
|
|a statický obraz
|b sti
|2 rdacontent
|
| 337 |
|
|
|a bez média
|b n
|2 rdamedia
|
| 338 |
|
|
|a svazek
|b nc
|2 rdacarrier
|
| 500 |
|
|
|a Ve výřezu obálky připevněn dřevěný kolíček
|
| 600 |
1 |
7 |
|a Růžičková, Ivana
|7 mzk20201095079
|2 czenas
|
| 648 |
|
7 |
|a 21. století
|7 ch460559
|2 czenas
|
| 648 |
|
7 |
|a 20.-21. století
|7 ch462155
|2 czenas
|
| 650 |
0 |
7 |
|a kuchařky
|7 ph889647
|z Česko
|y 20.-21. století
|2 czenas
|
| 650 |
0 |
7 |
|a blogerky
|7 ph954050
|z Česko
|y 20.-21. století
|2 czenas
|
| 650 |
0 |
7 |
|a česká jídla
|7 ph116856
|2 czenas
|
| 650 |
0 |
7 |
|a roční období
|7 ph125283
|2 czenas
|
| 650 |
0 |
9 |
|a women cooks
|z Czechia
|y 20th-21st centuries
|2 eczenas
|
| 650 |
0 |
9 |
|a women bloggers
|z Czechia
|y 20th-21st centuries
|2 eczenas
|
| 650 |
0 |
9 |
|a Czech cookery
|2 eczenas
|
| 650 |
0 |
9 |
|a seasons
|2 eczenas
|
| 655 |
|
7 |
|a kuchařské recepty
|7 fd132687
|2 czenas
|
| 655 |
|
7 |
|a autobiografické vzpomínky
|7 fd131854
|2 czenas
|
| 655 |
|
9 |
|a cookbooks
|2 eczenas
|
| 655 |
|
9 |
|a autobiographical reminiscences
|2 eczenas
|
| 910 |
2 |
|
|a BOA001
|b 2-1456.269
|
| 990 |
|
|
|a BK
|
| 995 |
|
|
|a 01
|
| 991 |
|
|
|b 202101
|c NOV
|
| 996 |
6 |
|
|b 2610846774
|c 2-1456.269
|l MZK
|r Sklad / do 1 hodiny
|n 0
|p p.v.
|w 001835529
|u 000010
|a 1
|e BOA001
|j MZK50
|s P
|